Welcome to WEB OPAC of MRSPTU Central Library

Control system theory (Record no. 1404)

MARC details
000 -LEADER
fixed length control field 00375nam a2200157Ia 4500
008 - FIXED-LENGTH DATA ELEMENTS--GENERAL INFORMATION
fixed length control field 230711s9999||||xx |||||||||||||| ||und||
041 ## - LANGUAGE CODE
Language code of text/sound track or separate title ENG
082 ## - DEWEY DECIMAL CLASSIFICATION NUMBER
Classification number 629.8
Item number GU-C
100 ## - MAIN ENTRY--PERSONAL NAME
Personal name Gupta,Sushil Das
245 #0 - TITLE STATEMENT
Title Control system theory
250 ## - EDITION STATEMENT
Edition statement 4th
260 ## - PUBLICATION, DISTRIBUTION, ETC.
Date of publication, distribution, etc. 2006
Place of publication, distribution, etc. New Delhi
Name of publisher, distributor, etc. Khanna Publishers
300 ## - PHYSICAL DESCRIPTION
Extent 1052
650 ## - SUBJECT ADDED ENTRY--TOPICAL TERM
Topical term or geographic name entry element Electrical Engineering
942 ## - ADDED ENTRY ELEMENTS (KOHA)
Koha item type Book
Holdings
Withdrawn status Lost status Damaged status Not for loan Collection Home library Current library Date acquired Total checkouts Full call number Barcode Date last seen Price effective from Koha item type
          MRSPTU Central Library MRSPTU Central Library     629.8 GU-C 6851 08/17/2023 08/17/2023 Book
          MRSPTU Central Library MRSPTU Central Library     629.8 GU-C 6852 08/17/2023 08/17/2023 Book
          MRSPTU Central Library MRSPTU Central Library     629.8 GU-C 6853 08/17/2023 08/17/2023 Book
          MRSPTU Central Library MRSPTU Central Library     629.8 GU-C 6854 08/17/2023 08/17/2023 Book
          MRSPTU Central Library MRSPTU Central Library     629.8 GU-C 6855 08/17/2023 08/17/2023 Book
          MRSPTU Central Library MRSPTU Central Library     629.8 GU-C 15367 08/17/2023 08/17/2023 Book
          MRSPTU Central Library MRSPTU Central Library     629.8 GU-C 15368 08/17/2023 08/17/2023 Book

Website Designed and Developed by MRSPTU Central Library Team

E-mail Id: librarian@mrsptu.ac.in